| 000 | 004800000a22001930004500 | ||
|---|---|---|---|
| 003 | LK-CoMWRAF | ||
| 005 | 20230902130808.0 | ||
| 008 | 230817t1990 ||||| |||| 00| 0 eng d | ||
| 020 | _a8120710614 | ||
| 040 |
_aLK-CoMWRAF _dLK-CoMWRAF _eLK-CoMWRAF |
||
| 041 | _aeng | ||
| 082 |
_a305.48 _bKHA |
||
| 100 | _aKhan, Qamaruddin | ||
| 245 | _aStatus of Women in Islam | ||
| 260 |
_aNew Delhi: _bSterling, _c1990 |
||
| 300 | _a79 p. ; 23 cm. | ||
| 650 | _aWOMEN, MUSLIM | ||
| 942 | _cBK | ||
| 999 |
_c667 _d667 |
||